Iconic Rock & Metal Bands by Song - Statistics

General Stats
  • This quiz has been taken 126 times
  • The average score is 23 of 32
Answer Stats
Song Band % Correct
Smells Like Teen Spirit Nirvana
99%
Bohemian Rhapsody Queen
99%
Thunderstruck AC/DC
98%
Enter Sandman Metallica
97%
Californication Red Hot Chili Peppers
95%
Livin' On A Prayer Bon Jovi
94%
Creep Radiohead
91%
November Rain Guns N' Roses
86%
War Pigs Black Sabbath
85%
Numb Linkin Park
84%
Hotel California The Eagles
83%
Jump Van Halen
81%
Sweet Home Alabama Lynyrd Skynyrd
80%
Chop Suey! System of a Down
77%
Smoke on the Water Deep Purple
76%
The Trooper Iron Maiden
75%
Whole Lotta Love Led Zeppelin
69%
Yesterday The Beatles
69%
Sultans of Swing Dire Straits
68%
Walk this Way Aerosmith
66%
Symphony of Destruction Megadeth
66%
No More Tears Ozzy Osbourne
65%
All Along The Watchtower The Jimi Hendrix Experience
64%
The Pretender Foo Fighters
63%
When I Come Around Green Day
61%
Blitzkrieg Bop The Ramones
61%
Buddy Holly Weezer
61%
Everybody Wants to Rule the World Tears for Fears
59%
Barracuda Heart
51%
Sunshine of your Love Cream
45%
Welcome to the Machine Pink Floyd
34%
25 or 6-4 Chicago
19%
No matching quizzes found
Score Distribution
Percent of People with Each Score
Percentile by Number Answered
Your Score History
You have not taken this quiz